000 00554nmm a2200157Ia 4500
008 251105s9999||||xx |||||||||||||||||und||
020 _a9788431540654
041 _aspa
100 _aWalton, Stewart
245 0 _aToques decorativos - Proyectos creativos para realizar en un día y dar un nuevo aire a su hogar
264 _a[Madrid, España] :
_bDe Vecchi,
_c[Fecha de publicación no identificada]
300 _a0 páginas
650 _aSelf-help and personal development
856 _uhttps://public.digitaliapublishing.com/a/122022
942 _cCF
999 _c81573
_d81573